|
|
|
|
| LEADER |
00000nam0a2200000 4500 |
| 001 |
272832 |
| 005 |
20231101234555.0 |
| 020 |
|
|
|a RU
|b 87-69741
|
| 035 |
|
|
|a (RuTPU)RU\TPU\book\296041
|
| 090 |
|
|
|a 272832
|
| 100 |
|
|
|a 20141022d1987 k y0rusy5003 ca
|
| 101 |
0 |
|
|a rus
|
| 102 |
|
|
|a RU
|
| 105 |
|
|
|a a z 101zy
|
| 200 |
1 |
|
|a Научная организация труда и управления в научно-исследовательских и проектных учреждениях
|e материалы семинара
|f Московский Дом научно-технической пропаганды
|
| 210 |
|
|
|a Москва
|c Изд-во МДНТП
|d 1987
|
| 215 |
|
|
|a 154 с.
|c ил.
|
| 320 |
|
|
|a Библиогр. в конце докл.
|
| 606 |
1 |
|
|a Научные учреждения
|y СССР
|y Россия
|2 stltpush
|3 (RuTPU)RU\TPU\subj\45179
|9 64440
|
| 610 |
1 |
|
|a научно-исследовательская работа
|
| 610 |
1 |
|
|a научно-исследовательские институты
|
| 610 |
1 |
|
|a проектные организации
|
| 610 |
1 |
|
|a организация труда
|
| 610 |
1 |
|
|a управление
|
| 686 |
|
|
|a Ч214(2)7л0
|2 rubbk
|
| 712 |
0 |
2 |
|a Московский Дом научно-технической пропаганды
|2 stltpush
|3 (RuTPU)RU\TPU\col\7885
|9 24405
|
| 801 |
|
0 |
|a RU
|b RuMRKP
|c 19950417
|g psbo
|
| 801 |
|
1 |
|a RU
|b 63413507
|c 20141022
|
| 801 |
|
2 |
|a RU
|b 63413507
|c 20150928
|g RCR
|
| 942 |
|
|
|c BK
|